|
|
|
|
| LEADER |
01109nam a2200277 a 4500 |
| 001 |
4868705 |
| 008 |
091231s1992 enkab b 001 0 eng d |
| 010 |
|
|
|a 92017852
|
| 020 |
|
|
|a 9840511963
|
| 020 |
|
|
|a 1856490858 (cloth)
|
| 020 |
|
|
|a 1856490866 (pbk.)
|
| 040 |
|
|
|a DLC
|c DLC
|d DLC
|d BD-DhAAL
|
| 082 |
0 |
0 |
|a 305.42/095492
|2 20
|
| 100 |
1 |
|
|a White, Sarah C.
|
| 245 |
1 |
0 |
|a Arguing with the crocodile :
|b gender and class in Bangladesh /
|c Sarah C. White.
|
| 260 |
|
|
|a London ;
|a Atlantic Highlands, N.J. :
|b Zed Books,
|c c1992.
|
| 300 |
|
|
|a v, 186 p. :
|b ill., map ;
|c 23 cm.
|
| 504 |
|
|
|a Includes bibliographical references (p. [172]-182) and index.
|
| 541 |
1 |
|
|e 00005272
|
| 650 |
|
0 |
|a Rural women
|z Bangladesh.
|
| 650 |
|
0 |
|a Rural women
|z Bangladesh
|z Kumirpur.
|
| 650 |
|
0 |
|a Social classes
|z Bangladesh.
|
| 650 |
|
0 |
|a Social classes
|z Bangladesh
|z Kumirpur.
|
| 852 |
4 |
|
|a Ayesha Abed Library
|j General shelf
|
| 999 |
|
|
|c 6625
|d 6625
|
| 952 |
|
|
|0 0
|1 0
|2 ddc
|4 0
|6 305_420954920000000_WHI_1992
|7 0
|9 6793
|a BRACUL
|b BRACUL
|c GEN
|d 2010-01-03
|g 350.00
|l 3
|m 12
|o 305.42095492 WHI
|p 3010005272
|r 2024-12-09
|s 2024-06-24
|t 1
|w 2010-01-03
|y BK
|